000 00527cam a2200181 4500500
005 20260405003143.0
041 _afre
042 _adc
100 1 0 _aGoron, Gaëtan
_eauthor
245 0 0 _aPhilocroisés #64
260 _c2020.
500 _a83
690 _aGaëtan Goron
690 _aJeu
690 _aMots croisés
786 0 _nPhilosophie magazine | 143 | 10 | 2020-10-01 | p. 80-80 | 1951-1787
856 4 1 _uhttps://shs.cairn.info/magazine-philosophie-magazine-2020-10-page-80?lang=fr&redirect-ssocas=7080
999 _c2064886
_d2064886